Mùa núc nác trổ hoa : Tập truyện ngắn
Đã lưu trong:
| Hovedforfatter: | |
|---|---|
| Format: | Bog |
| Sprog: | Undetermined |
| Udgivet: |
Hà Nội
Hội nhà văn
2020
|
| Fag: | |
| Tags: |
Tilføj Tag
Ingen Tags, Vær først til at tagge denne postø!
|
| Thư viện lưu trữ: | Trung tâm Học liệu Trường Đại học Cần Thơ |
|---|
| LEADER | 00584nam a2200193Ia 4500 | ||
|---|---|---|---|
| 001 | CTU_240085 | ||
| 008 | 210402s9999 xx 000 0 und d | ||
| 082 | |a 895.9223008 | ||
| 082 | |b D527 | ||
| 100 | |a Phạm, Thị Duyên | ||
| 245 | 0 | |a Mùa núc nác trổ hoa : | |
| 245 | 0 | |b Tập truyện ngắn | |
| 245 | 0 | |c Phạm Thị Duyên | |
| 260 | |a Hà Nội | ||
| 260 | |b Hội nhà văn | ||
| 260 | |c 2020 | ||
| 650 | |a Truyện ngắn Việt Nam,Short stories, Vietnamese | ||
| 910 | |b nthai | ||
| 980 | |a Trung tâm Học liệu Trường Đại học Cần Thơ | ||